Pobreza y desigualdad /
में बचाया:
| मुख्य लेखक: | |
|---|---|
| स्वरूप: | मूलपाठ |
| विषय: | |
| टैग: |
टैग जोड़ें
कोई टैग नहीं, इस रिकॉर्ड को टैग करने वाले पहले व्यक्ति बनें!
|
MARC
| LEADER | 00000 a a2200000 04500 | ||
|---|---|---|---|
| 001 | 5385 | ||
| 003 | |||
| 040 | |||
| 100 | |a Cabrera Adame, Carlos Javier | ||
| 245 | |a Pobreza y desigualdad / |c Carlos Javier Cabrera Adame | ||
| 650 | |a POBREZA | ||
| 650 | |a DESIGUALDAD ECONOMICA | ||
| 650 | |a POLITICA SOCIAL | ||
| 650 | |a JUSTICIA SOCIAL | ||
| 650 | |a DESARROLLO SOCIAL | ||
| 650 | |a IGUALDAD DE OPORTUNIDADES | ||
| 650 | |a METODOLOGIA | ||
| 650 | |a MEXICO | ||
| 650 | |a POBREZA | ||
| 650 | |a GASTOS PUBLICOS | ||
| 773 | |g número 343; páginas 117-126 | ||
| 999 | |c 24236 |d 24236 | ||
